• 首页
  • 本馆介绍
  • 公告通知
  • 最新文献
  • 馆藏检索
  • 电子资源
  • 读者导购
  • 参考咨询
  • 我的图书馆
  • 登录
  • 详细信息显示
  • 放入我的书架
  • 预约/预借图书
  • 作者相关作品
  • 分类相关作品
  • 丛书相关作品
  • 出版社相关作品

书目信息

  • 表格格式
  • 工作单格式
  • 卡片格式
题名:
如何说孩子才会听 怎么听孩子才肯说
    
 
作者: 赵奕 编著
分册:  
出版信息: 北京   民主与建设出版社有限责任公司  2018
页数: 246页
开本: 21cm
丛书名:
单 册:
中图分类: G781-49
科图分类:
主题词: 儿童教育--家庭教育--通俗读物
电子资源:
ISBN: 978-7-5139-1924-1
000 00877nam0 2200229 45
001 012001002662
005 20131030095742.0
010    @a978-7-5139-1924-1@dCNY36.00
100    @a20190109d2018 em y0chiy50 ea
101 0  @achi
102    @aCN@b110000
105    @ay z 000yy
106    @ar
200 1  @a如何说孩子才会听 怎么听孩子才肯说@Aru he shuo hai zi cai hui ting zen me ting hai zi cai ken shuo@f赵奕编著
210    @a北京@c民主与建设出版社有限责任公司@d2018
215    @a246页@d21cm
330    @a本书结合家庭教育的典型问题,阐述了完美亲子关系的本质规律和关键点,辅以大量的常见场景和问题加以说明,并配有相应的练习题,提供了可行的思路和操作性建议,让父母切实掌握这些技巧,随时应付各种情况。
606 0  @a儿童教育@x家庭教育@j通俗读物
690    @aG781-49@v5
701  0 @a赵奕@Azhao yi@4编著
801    @b江苏凤凰@c20191020
905    @b1229983-8@dG781-49@e1370@f6
    
    如何说孩子才会听 怎么听孩子才肯说/赵奕编著.-北京:民主与建设出版社有限责任公司,2018
    246页;21cm
    
    
    ISBN 978-7-5139-1924-1:CNY36.00
    本书结合家庭教育的典型问题,阐述了完美亲子关系的本质规律和关键点,辅以大量的常见场景和问题加以说明,并配有相应的练习题,提供了可行的思路和操作性建议,让父母切实掌握这些技巧,随时应付各种情况。
●
相关链接 在E读中查询图书 在五车中查询图书 在当当中查询图书 在豆瓣中查询图书


正题名:如何说孩子才会听 怎么听孩子才肯说     索取号:G781-49/1370         预约/预借

序号 登录号 条形码 馆藏地/架位号 状态 备注
1 1229983   212299831   第一样本阅览室/ [索取号:G781-49/1370] 在馆    
2 1229984   212299840   教育系资料室/ [索取号:G781-49/1370] 在馆    
3 1229985   212299859   教育系资料室/ [索取号:G781-49/1370] 在馆    
4 1229986   212299868   第四借阅区/ [索取号:G781-49/1370] 在馆    
5 1229987   212299877   第四借阅区/ [索取号:G781-49/1370] 在馆    
6 1229988   212299886   第四借阅区/ [索取号:G781-49/1370] 在馆    
唐山师范学院图书馆 欢迎您!
大连网信软件有限公司© 版权所有